000 00831nas a2200265 4500
001 BR0808005
003 BR-BrBNA
005 20231205112756.0
007 ta
008 230509b bl.|||p| |||| 00| 00por d
040 _aBR-BrBNA
_bpor
_cBiblioteca Nacional de Agricultura
041 _a(Pt)
072 _aN20; U30
100 1 _aMartinez, C.B.
100 1 _aMagalhães, P.H.V.
100 1 _aBastos,A.A.M. da M.
100 1 _aGruberger,I.
245 1 _aEstudo de um veículo submersível para uso em inspeção de estruturas hidráulicas
650 _aIMERSÃO
650 _aHIDRÁULICA
650 _aRECURSO HÍDRICO
773 0 _tRevista Brasileira de Recursos Hídricos (Brazil)
_xISSN 1414-381X
_g(Jan- Mar 2008), v. 13(1) p. 137-150
_wBR0808005
909 _a202311
_bLúcia
_c55
_dLúcia Elande
942 _2AGRIS
_n0
_cANA
999 _c199917
_d199917